000 00514cam a2200181 4500
001 D5912
008 090401t1980 xxu||||| |||| 00| 0 eng d
035 _a(Sirsi) u98219
041 _aeng
050 _a692.5062
110 _aInstitute of Quantity Surveyors
_92491
245 _aMemorandum and articles of association and bye-laws: amendment list no. 5 (incorporating amendment lists 1, 2, 3 and 4)
260 _aLondon
_bIQS
_c1980
300 _a8p. 21cm
350 _a0
942 _n0
948 _c04/03/1997
999 _c99121
_d99121